000 00730cam a2200217 a 4500
020 _a0309051738 :
022 _a8121903483
082 0 0 _a666.893
_bSHE
_cN-01,P-46
100 _aM.S. SHETTY
_944905
245 0 0 _aConcrete technology.
260 _aDEHLI
_bS.CHAND & COMPANY LTD
_c1998.
300 _a637 p. :
_bill. ;
490 1 _aTransportation research record ;
500 _a"A peer-reviewed publication of the Transportation Research Board."
526 _a0
_b0
_c0
_d666_893000000000000_SHE
650 0 _aConcrete bridges
_xFloors
_xTesting.
_921345
650 0 _aMCE
_9379
650 0 _aPavements, Reinforced concrete
_xTesting.
_xTesting.
_944906
710 2 _aNational Research Council (U.S.).
_920017
942 _2ddc
_cBK
999 _c548560
_d548560